000 00919nam a22002297a 4500
999 _c10678
_d10678
003 AR-CdUCM
008 190401b ||||| |||| 00| 0 spa d
040 _aMUNICIPALIDAD PROVINCIAL DEL CUSCO
_cBIBLIOTECA MUNICIPAL DEL CUSCO
082 _aES / 373.700 /
_bV66
_217ed.
100 _aVillacorta Paredes, Juan
_927655
245 _aEducación por el arte :
_bartes plásticas, arte colonial para el tercer año de secundaria /
260 _aLima :
_bStudium,
_c1969.
300 _a80 páginas ;
_bimágenes.
_c24 cm.
505 _aModelado en papel -- Los móviles -- Construcción de poliedros -- Escultura artística en cartulina -- Construcción de figuras decorativas -- El arte en el Perú colonial...
650 _aArte.
_9561
650 _aArtes plásticas.
_927656
650 _aArte colonial.
_913403
650 _aCerámica.
_927657
650 _aArte peruano.
_95992
942 _2ddc
_cLIBROS
945 _awfj